The Lord is my shepherd / (Запис № 520482)
[ простий вигляд ]
| 000 -LEADER | |
|---|---|
| fixed length control field | 01402cam a2200325Ii 4500 |
| 001 - CONTROL NUMBER | |
| control field | lordismyshepherd00krau |
| 003 - CONTROL NUMBER IDENTIFIER | |
| control field | CaSfIA |
| 005 - DATE AND TIME OF LATEST TRANSACTION | |
| control field | 20210118165315.0 |
| 007 - PHYSICAL DESCRIPTION FIXED FIELD--GENERAL INFORMATION | |
| fixed length control field | cr|||| |
| 008 - FIXED-LENGTH DATA ELEMENTS--GENERAL INFORMATION | |
| fixed length control field | 780303s1971 nyua 000 0 eng d |
| 010 ## - LIBRARY OF CONGRESS CONTROL NUMBER | |
| LC control number | 71148174 |
| 040 ## - CATALOGING SOURCE | |
| Original cataloging agency | IUA |
| Transcribing agency | IUA |
| Modifying agency | OCL |
| -- | DZM |
| -- | UBY |
| -- | CaSfIA |
| 019 ## - | |
| -- | 1489991 |
| -- | 4653721 |
| 020 ## - INTERNATIONAL STANDARD BOOK NUMBER | |
| International Standard Book Number | 087807015X |
| 020 ## - INTERNATIONAL STANDARD BOOK NUMBER | |
| International Standard Book Number | 9780878070152 |
| 035 ## - SYSTEM CONTROL NUMBER | |
| System control number | (OCoLC)3685499 |
| Canceled/invalid control number | (OCoLC)1489991 |
| -- | (OCoLC)4653721 |
| 050 #4 - LIBRARY OF CONGRESS CALL NUMBER | |
| Classification number | BS1450 23d |
| Item number | .K73 |
| 092 ## - LOCALLY ASSIGNED DEWEY CALL NUMBER (OCLC) | |
| Classification number | E |
| 130 0# - MAIN ENTRY--UNIFORM TITLE | |
| Uniform title | Bible. |
| Name of part/section of a work | O.T. |
| -- | Psalms XXIII. |
| Language of a work | English. |
| Date of a work | 1971. |
| 245 14 - TITLE STATEMENT | |
| Title | The Lord is my shepherd / |
| Medium | [electronic resource] |
| Statement of responsibility, etc | pictures by George Kraus. |
| 260 ## - PUBLICATION, DISTRIBUTION, ETC. (IMPRINT) | |
| Place of publication, distribution, etc | New York : |
| Name of publisher, distributor, etc | Windmill Books, |
| Date of publication, distribution, etc | c1971. |
| 300 ## - PHYSICAL DESCRIPTION | |
| Extent | [27] p. : |
| Other physical details | col. ill. ; |
| Dimensions | 11 x 14 cm. |
| 506 ## - RESTRICTIONS ON ACCESS NOTE | |
| Standardized terminology for access restriction | Необхідна авторизація на https://archive.org/ (створення облікового запису безкоштовно) |
| 506 ## - RESTRICTIONS ON ACCESS NOTE | |
| Standardized terminology for access restriction | Необхідна авторизація на https://openlibrary.org/ (створення облікового запису безкоштовно) |
| 630 00 - SUBJECT ADDED ENTRY--UNIFORM TITLE | |
| Uniform title | Bible |
| Form subdivision | Picture Bibles. |
| 700 1# - ADDED ENTRY--PERSONAL NAME | |
| Personal name | Kraus, George, |
| Dates associated with a name | 1909- |
| Relator term | ill. |
| 856 41 - ELECTRONIC LOCATION AND ACCESS | |
| Uniform Resource Identifier | <a href="http://www.archive.org/details/lordismyshepherd00krau">http://www.archive.org/details/lordismyshepherd00krau</a> |
| Public note | Free eBook from the Internet Archive |
| 856 42 - ELECTRONIC LOCATION AND ACCESS | |
| Uniform Resource Identifier | <a href="http://www.openlibrary.org/books/OL24212878M">http://www.openlibrary.org/books/OL24212878M</a> |
| Public note | Additional information and access via Open Library |
| 942 ## - ADDED ENTRY ELEMENTS (KOHA) | |
| Koha item type | ЕКнига |
Немає доступних примірників.